| 000 | 00740nam a2200205 a 4500 | ||
|---|---|---|---|
| 001 | 1756 | ||
| 003 | CDMR | ||
| 005 | 20130328101710.0 | ||
| 008 | 130130s ||||||||||||||||||||||||||||d | ||
| 040 |
_aCDMR _bcat _cCDMR |
||
| 111 | 2 |
_aJornada Internacional de la Prensa Agraria _cBarcelona _d1987 _n1ª _91194 |
|
| 245 | 1 | 0 |
_aExpoaviga 87 _b: Jornada de la prensa agraria : 27 de noviembre de 1987 : [Ponències] |
| 260 |
_aBarcelona _bAGROPRES _c[198?] |
||
| 300 | _c30 cm | ||
| 500 | _aConté apart el programa de les Jornades | ||
| 500 | _aExemplar fotocopiat | ||
| 710 |
_aAsociación de Periodistas Agroalimentarios de España _eorg. _91316 |
||
| 710 |
_aAssociació de periodistes i escriptors agraris de Catalunya _91195 |
||
| 942 |
_cMON _2udc |
||
| 999 |
_c1756 _d1756 |
||